L'âge médian dans les pays du monde - Statistiques

Statistiques générales
  • Ce quiz a été pris 43 fois
  • Le résultat moyen est 101 sur 195
Statistiques - réponses
Ordre Age Pays % Correct
2 48.6 Japon
92%
34 41.7 France
90%
32 41.8 Canada
82%
48 38.5 Etats Unis
82%
49 38.4 Chine
79%
14 43.7 Espagne
79%
3 47.8 Allemagne
77%
42 39.5 Luxembourg
77%
9 44.6 Portugal
77%
75 33.2 Brésil
74%
40 40.3 Russie
74%
56 37.5 Australie
72%
35 41.6 Belgique
72%
64 35.5 Chili
72%
22 43.2 Corée du Sud
72%
112 28.7 Inde
72%
4 46.5 Italie
72%
1 55.4 Monaco
72%
39 40.6 Royaume Uni
72%
42 39.5 Norvège
69%
37 41.1 Suède
69%
82 32.4 Argentine
67%
170 19.5 Congo
67%
68 34.6 Corée-du-Nord
67%
12 43.9 Croatie
67%
14 43.7 Estonie
67%
23 42.8 Finlande
67%
53 37.8 Irlande
67%
107 29.1 Maroc
67%
103 29.3 Mexique
67%
57 37.2 Nouvelle Zélande
67%
23 42.8 Pays Bas
67%
172 19.4 Sénégal
67%
110 28.9 Algérie
64%
130 25.3 Bolivie
64%
87 31.2 Colombie
64%
30 42.0 Danemark
64%
6 45.3 Grèce
64%
12 43.9 Lettonie
64%
107 29.1 Perou
64%
31 41.9 Pologne
64%
5 46.2 Andorre
62%
14 43.7 Bulgarie
62%
135 24.1 Egypte
62%
17 43.6 Hongrie
62%
11 44.4 Lituanie
62%
150 22.0 Pakistan
62%
26 42.5 Roumanie
62%
25 42.7 Suisse
62%
20 43.3 Tchéquie
62%
78 32.7 Tunisie
62%
83 32.2 Turquie
62%
36 41.2 Ukraine
62%
64 35.5 Uruguay
62%
84 31.9 Viet Nam
62%
113 28.0 Afrique du Sud
59%
10 44.5 Autriche
59%
154 21.2 Irak
59%
85 31.7 Iran
59%
58 37.1 Islande
59%
195 14.8 Niger
59%
71 33.7 Qatar
59%
170 19.5 Afghanistan
56%
135 24.1 Haiti
56%
88 31.1 Indonésie
56%
159 20.3 Madagascar
56%
192 16.0 Mali
56%
99 29.7 Paraguay
56%
7 45.2 Saint Marin
56%
19 43.4 Serbie
56%
27 42.3 Taiwan
56%
45 39.0 Thailande
56%
91 30.8 Arabie Saoudite
54%
38 40.9 Biélorussie
54%
20 43.3 Bosnie Herzégovine
54%
52 37.9 Chypre
54%
111 28.8 Equateur
54%
174 19.1 Guinée
54%
102 29.4 Jamaique
54%
155 21.0 Mauritanie
54%
98 29.8 Mongolie
54%
94 30.1 Ouzbekistan
54%
94 30.1 Panama
54%
32 41.8 Slovaquie
54%
8 44.9 Slovénie
54%
180 18.3 Soudan
54%
90 31.0 Suriname
54%
69 34.3 Albanie
51%
178 18.5 Cameroun
51%
97 29.9 Fidji
51%
27 42.3 Malte
51%
176 18.6 Nigéria
51%
135 24.1 Philippines
51%
178 18.5 Somalie
51%
145 23.5 Syrie
51%
191 16.1 Tchad
51%
166 19.8 Yemen
51%
121 26.8 Cap vert
49%
80 32.6 Costa Rica
49%
29 42.1 Cuba
49%
155 21.0 Gabon
49%
135 24.1 Honduras
49%
93 30.4 Israel
49%
92 30.5 Kosovo
49%
99 29.7 Koweit
49%
71 33.7 Liban
49%
126 25.8 Libye
49%
55 37.7 Moldavie
49%
41 39.6 Monténégro
49%
140 24.0 Papouasie Nouvelle Guinée
49%
116 27.7 Salvador
49%
176 18.6 Soudan du Sud
49%
96 30.0 Venezuela
49%
158 20.5 Zimbabwe
49%
193 15.9 Angola
46%
186 17.0 Bénin
46%
101 29.5 Maldives
46%
166 19.8 Ethiopie
46%
153 21.4 Ghana
46%
148 23.2 Guatemala
46%
182 18.0 Guinée Bissau
46%
117 27.5 Guyana
46%
86 31.6 Kazakhstan
46%
118 27.3 Kirghizistan
46%
140 24.0 Laos
46%
17 43.6 Liechtenstein
46%
45 39.0 Macédoine du Nord
46%
130 25.3 Népal
46%
194 15.7 Ouganda
46%
114 27.9 République dominicaine
46%
62 36.5 Saint Christophe et Nièves
46%
60 36.8 Seychelles
46%
174 19.1 Sierra Leone
46%
71 33.7 Sri Lanka
46%
132 24.9 Tadjikistan
46%
163 20.0 Togo
46%
104 29.2 Turkmenistan
46%
188 16.9 Zambie
46%
80 32.6 Azerbaidjan
44%
76 32.9 Bahrein
44%
114 27.9 Bangladesh
44%
142 23.9 Bélize
44%
157 20.9 Comores
44%
159 20.3 Côte d'ivoire
44%
159 20.3 Guinée équatoriale
44%
134 24.4 Lesotho
44%
120 27.0 Nauru
44%
59 36.9 Sainte Lucie
44%
129 25.6 Samoa
44%
53 37.8 Trinité et Tobago
44%
122 26.6 Tuvalu
44%
149 23.0 Vanuatu
44%
104 29.2 Birmanie
41%
123 26.4 Cambodge
41%
163 20.0 Centrafrique
41%
67 34.9 Dominique
41%
144 23.7 Eswatini
41%
151 21.8 Gambie
41%
182 18.0 Libéria
41%
104 29.2 Malaisie
41%
63 36.3 Maurice
41%
118 27.3 Nicaragua
41%
125 26.2 Oman
41%
181 18.2 Tanzanie
41%
135 24.1 Tonga
41%
107 29.1 Bhoutan
38%
49 38.4 Emirats Arabes Unis
38%
159 20.3 Erythrée
38%
74 33.3 Grenade
38%
143 23.8 Iles Marshall
38%
127 25.7 Kiribati
38%
186 17.0 Mozambique
38%
168 19.7 Rwanda
38%
66 35.3 Saint Vincent et les Grenadines
38%
60 36.6 Arménie
36%
127 25.7 Botswana
36%
184 17.9 Burkina Faso
36%
133 24.7 Djibouti
36%
163 20.0 Kenya
36%
189 16.8 Malawi
36%
151 21.8 Namibie
36%
70 33.9 Palaos
36%
173 19.3 Sao Tomé et Principe
36%
77 32.8 Bahamas
33%
185 17.7 Burundi
33%
47 38.6 Géorgie
33%
145 23.5 Iles Salomon
33%
145 23.5 Jordanie
33%
169 19.6 Timor oriental
33%
78 32.7 Antigua et Barbuda
31%
88 31.1 Brunei
31%
124 26.3 Micronésie
28%
42 39.5 Barbades
18%
190 16.7 Congo RD
3%
51 38.3 Iles Cook
3%
Aucun quiz correspondant
Distribution des résultats
% des personnes avec chaque résultat
Percentile par nombre de réponses
Votre historique - résultats
Vous n’avez pas pris ce quiz